| 000 | 00729nam a2200217 a 4500 | ||
|---|---|---|---|
| 005 | 20230218063626.0 | ||
| 008 | 031103s2003 mx r 000 0 spa d | ||
| 020 | _a8446018667 | ||
| 035 | _aUPN01000130571 | ||
| 049 | _aCG | ||
| 050 | 4 |
_aHM1271 _bP4.9 |
|
| 245 | 0 | 0 |
_aPluralismo, tolerancia, multiculturalismo : _breflexiones para un mundo plural / _ccoord. Pablo Badillo O'Farrell. |
| 260 |
_aMadrid : _bUniversidad Internacional de Andalucía : _bAkal, _c2003. |
||
| 300 | _a262 p. | ||
| 440 | 0 |
_aSociedad, cultura y educación ; _v9 |
|
| 650 | 2 |
_aPluralismo (Ciencias sociales) _91172 |
|
| 650 | 2 |
_aTolerancia _91399 |
|
| 650 | 4 |
_aMulticulturalismo _95798 |
|
| 700 | 1 |
_aBadillo O'Farrell, Pablo, _ecoord. |
|
| 905 | _aLibro | ||
| 999 |
_c102728 _d102728 |
||